| 000 | 00853cam a22002773a 4500 | ||
|---|---|---|---|
| 001 | 16242 | ||
| 003 | PGUSA | ||
| 005 | 20140828083339.0 | ||
| 008 | 050708s2005||||xxu|||||s|||||000 | eng d | ||
| 040 |
_aPGUSA _beng |
||
| 042 | _adc | ||
| 050 | 4 | _aBX | |
| 100 | 1 |
_aVaughan, John S. _q(John Stephen), _d1853-1925 |
|
| 245 | 1 | 4 |
_aThe Purpose of the Papacy _h[electronic resource] / _cJohn S. Vaughan |
| 260 |
_bProject Gutenberg, _c2005 |
||
| 506 | _aPublic domain in the USA. | ||
| 516 | _aElectronic text | ||
| 653 | _aChurch of England -- Controversial literature | ||
| 653 | _aContinuity of the church -- Anglican Communion | ||
| 653 | _aPapacy | ||
| 653 | _aCatholic Church -- Apologetic works | ||
| 653 | _aPopes -- Infallibility | ||
| 830 | 0 |
_aProject Gutenberg _v16242 |
|
| 856 | 4 | 0 | _uhttp://www.gutenberg.org/ebooks/16242 |
| 942 | _cEB | ||
| 999 |
_c245497 _d245497 |
||